000 00950cam a2200217 4500
001 ##L133617
008 060524n2004 000 0 eng u
035 _a(Sirsi) u133617
041 0 _aeng
050 0 4 _a346.410432 $2 18
110 2 _aRoyal Institution of Chartered Surveyors
_94900
245 0 0 _aBoundary disputes
_bwhat every property owner should know
260 _aLondon
_bRICS
_c2004
300 _a1
_ffolded leaflet
_c21cm.
505 2 _aWhat is a boundary? -- What should you do? -- Marking out the exact boundary -- Dealing with disputes -- How RICS can help you
520 _aProvides advice aimed at the general public on what to do if faced with a boundary dispute.
651 4 _aEngland and Wales
_y1543-
690 _aPROPERTY-PROPERTY MANAGEMENT-BOUNDARY DETERMINATION-BOUNDARIES
856 4 1 _uhttps://www.rics.org/RICSWEB/getpage.aspx?p=Us2BVjanFku6m4QAXrYA6A
_zView the item free of charge at www.rics.org...
942 _n0
999 _c105436
_d105436